000 00948cab a2200265 4500
001 ABS58195
008 090401t1998 xxu||||| |||| 00| 0 eng d
035 _a(Sirsi) u83331
041 _aeng
245 _aMinerals : A special report
260 _c1998
350 _a0
490 _aPlanning (for the Natural and Built Environment)
_v(1252) 23 January 1998, 13-20(8)
520 _aAn overview of minerals planning considering issues such as sustainable development, what the quarrying industry wants from the government review of aggregate planning arrangements, taxation on aggregates, and the restoration of older sites.
650 _aAGGREGATES PLANNING
650 _aLAND RESTORATION
650 _aMINERAL PLANNING AUTHORITIES
650 _aMINERALS PLANNING
650 _aQUARRYING
650 _aSITE REMEDIATION
650 _aSUSTAINABLE DEVELOPMENT
690 _aMINING AND MINERALS
942 _n0
948 _c27/01/1998
999 _c52622
_d52622